[Event "28th European Club Cup"]
[Site "Eilat ISR"]
[Date "2012.10.13"]
[Round "3.3"]
[White "Malakhov, Vladimir"]
[Black "Riazantsev, Alexander"]
[Result "1/2-1/2"]
[WhiteTitle "GM"]
[BlackTitle "GM"]
[WhiteElo "2713"]
[BlackElo "2712"]
[WhiteTeam "Ugra"]
[BlackTeam "SHSM-64"]
[WhiteFideId "4120787"]
[BlackFideId "4125029"]
[EventDate "2012.10.11"]

1. Nf3 Nf6 2. g3 d5 3. Bg2 Nbd7 4. d4 e6 5. O-O Be7 6. c4 dxc4 7. Nbd2 Nb6 8.
Nxc4 Nxc4 9. Qa4+ Bd7 10. Qxc4 Bc6 11. Bf4 O-O 12. Rfd1 Bd6 13. Bg5 h6 14. Bxf6
Qxf6 15. Nd2 Bxg2 16. Kxg2 Qe7 17. Ne4 f5 18. Nxd6 Qxd6 19. d5 e5 20. Rac1 Rf7
21. Qb3 Qb6 22. Rc3 Rd8 23. Qxb6 axb6 24. e3 Kf8 25. a4 Ke8 26. d6 Rxd6 27. Rxd6
cxd6 28. Rb3 Kd7 29. Rxb6 Kc7 30. Rb4 g5 31. g4 f4 32. a5 d5 33. Kf3 e4+ 34. Ke2
f3+ 35. Kd2 h5 36. Rb5 hxg4 37. Rxd5 Rh7 38. Rxg5 Rxh2 39. Rxg4 Rxf2+ 40. Kc3
Rf1 41. Rf4 Rd1 42. Kc4 Kd6 43. b4 Ke5 44. b5 Re1 45. b6 Rc1+ 46. Kb4 Rb1+ 47.
Kc4 Rc1+ 48. Kb4 Rf1 49. Kc3 Rc1+ 1/2-1/2

[Event "28th European Club Cup"]
[Site "Eilat ISR"]
[Date "2012.10.13"]
[Round "3.6"]
[White "Potkin, Vladimir"]
[Black "Dreev, Aleksey"]
[Result "1/2-1/2"]
[WhiteTitle "GM"]
[BlackTitle "GM"]
[WhiteElo "2663"]
[BlackElo "2677"]
[WhiteTeam "SHSM-64"]
[BlackTeam "Ugra"]
[WhiteFideId "4131061"]
[BlackFideId "4100107"]
[EventDate "2012.10.11"]

1. d4 d5 2. c4 c6 3. Nc3 Nf6 4. Nf3 e6 5. Bg5 Nbd7 6. e3 Qa5 7. cxd5 Nxd5 8. Qd2
Bb4 9. Rc1 h6 10. Bh4 b6 11. a3 Bxc3 12. bxc3 c5 13. c4 Qxd2+ 14. Nxd2 Ne7 15.
f3 Ba6 16. Be2 cxd4 17. exd4 Rc8 18. O-O Nf5 19. Bf2 O-O 20. Rfd1 Rfd8 21. g4
Ne7 22. Bf1 Nb8 23. a4 Nbc6 24. Nb3 Rd7 25. Be1 Rcd8 26. Bc3 Ne5 27. Nd2 N5c6
28. Nb3 Ne5 29. Nd2 N5c6 30. Nb3 Ne5 1/2-1/2